书目信息 |
| 题名: |
黎明前说我爱你
|
|
| 作者: | 加尔多什 著 ;李晨 译 | |
| 分册: | ||
| 出版信息: | 北京 人民文学出版社 2019.07 |
|
| 页数: | 235页 | |
| 开本: | 21cm | |
| 丛书名: | ||
| 单 册: | ||
| 中图分类: | I515.45 | |
| 科图分类: | ||
| 主题词: | 长篇小说--chang pian xiao shuo--匈牙利--现代 | |
| 电子资源: | ||
| ISBN: | 978-7-02-014856-1 | |
| 000 | 01152nam0 2200265 450 | |
| 001 | CAL 0120192842413 | |
| 005 | 20230217093112.0 | |
| 010 | @a978-7-02-014856-1@dCNY45.00 | |
| 100 | @a20190828d2019 em y0chiy0120 ea | |
| 101 | 1 | @achi@chun |
| 102 | @aCN@b110000 | |
| 105 | @ay z 000ay | |
| 106 | @ar | |
| 200 | 1 | @a黎明前说我爱你@Ali ming qian shuo wo ai ni@d= Fever at dawn@f(匈牙利) 彼得·加尔多什著@g李晨译@zeng |
| 210 | @a北京@c人民文学出版社@d2019.07 | |
| 215 | @a235页@d21cm | |
| 314 | @a彼得·加尔多什, 是一个获奖无数的电影导演。 | |
| 330 | @a一九四五年, 从集中营获释后, 二十五岁的匈牙利人米克洛斯在瑞典的医院治疗。医生诊断他患了严重的肺部疾病, 并告诉他, 他有不超过六个月的生命。但他拒绝放弃, 想找到一个可以开始新生活的妻子。他写了一百一十七封信件给也在瑞典治疗的匈牙利女孩。其中一个女孩是十九岁的莉莉, 她喜欢米克洛斯的信, 他们开始通信…… | |
| 510 | 1 | @aFever at dawn@zeng |
| 606 | 0 | @a长篇小说@Achang pian xiao shuo@y匈牙利@z现代 |
| 690 | @aI515.45@v5 | |
| 701 | 1 | @a加尔多什@Ajia er duo shi@g(Gardos, Peter),@f1948-@4著 |
| 702 | 0 | @a李晨@Ali chen@4译 |
| 801 | 0 | @aCN@bBJXHZP@c20230228 |
| 905 | @b1384887-90@dI515.45@e463@f4 | |
| 黎明前说我爱你= Fever at dawn/(匈牙利) 彼得·加尔多什著/李晨译.-北京:人民文学出版社,2019.07 |
| 235页;21cm |
| ISBN 978-7-02-014856-1:CNY45.00 |
| 一九四五年, 从集中营获释后, 二十五岁的匈牙利人米克洛斯在瑞典的医院治疗。医生诊断他患了严重的肺部疾病, 并告诉他, 他有不超过六个月的生命。但他拒绝放弃, 想找到一个可以开始新生活的妻子。他写了一百一十七封信件给也在瑞典治疗的匈牙利女孩。其中一个女孩是十九岁的莉莉, 她喜欢米克洛斯的信, 他们开始通信…… |
| ● |
| 相关链接 |
|
|
|
|
正题名:黎明前说我爱你
索取号:I515.45/463
 
预约/预借
| 序号 | 登录号 | 条形码 | 馆藏地/架位号 | 状态 | 备注 |
| 1 | 1384887 | 213848871 | 第一样本阅览室/ [索取号:I515.45/463] | 在馆 | |
| 2 | 1384888 | 213848880 | 第二借阅区/ [索取号:I515.45/463] | 在馆 | |
| 3 | 1384889 | 213848899 | 第二借阅区/ [索取号:I515.45/463] | 在馆 | |
| 4 | 1384890 | 213848906 | 第二借阅区/ [索取号:I515.45/463] | 在馆 |